000 00533nam a22001457a 4500
020 _a0-00-628089-7
082 _a823
_bLEW/L
100 _aLEWIS C S
245 _aTHE FOUR LOVES
260 _aLONDON
_bHARPER COLLINS
300 _a134
520 _aThe Four Loves (1960) is an exploration of love in its different forms. By tracing how each form is motivated, author C. S. Lewis identifies love's gifts and shortcomings, and reveals how God's Divine Love can beautify all our relationships.
650 _aNOVEL
_zLONDON
942 _cBK
999 _c2434
_d2434